[Event "FB23 2324 TSV Schott Mainz - SK 1980 Ger"]
[Site "?"]
[Date "2024.03.24"]
[Round "7.4"]
[White "Krasnopeyeva, Julia"]
[Black "Wilke, Tabea"]
[Result "1/2-1/2"]
[WhiteElo "1950"]
[BlackElo "1827"]
[PlyCount "94"]
[EventDate "2024.??.??"]
[SourceVersion "1"]
[SourceVersionDate "2023.02.20"]
[SourceQuality "1"]

1. e4 e5 2. Nf3 Nc6 3. Bb5 a6 4. Ba4 Nf6 5. d3 b5 6. Bb3 Be7 7. O-O O-O 8. Re1 d6 9. c3 Nb8 10. Nbd2 Bb7 11. Nf1 Nbd7 12. Ng3 Nc5 13. Bc2 Re8 14. Bg5 g6 15. h3 Ne6 16. Be3 Bf8 17. d4 Bg7 18. d5 Nf8 19. Nh2 c6 20. dxc6 Bxc6 21. Qe2 Qc7 22. f4 d5 23. Qf2 Nxe4 24. Nxe4 dxe4 25. Ng4 exf4 26. Bxf4 Qb7 27. Rad1 Rad8 28. Bg5 Rxd1 29. Rxd1 Bd5 30. a3 f5 31. Ne3 Bf7 32. g4 h6 33. Bf4 g5 34. Bd6 f4 35. Nf5 e3 36. Qe1 Qf3 37. Qf1 Qxf1+ 38. Rxf1 Be6 39. h4 Nd7 40. Be4 Nf6 41. Bf3 Rd8 42. Rd1 Bb3 43. Re1 Kf7 44. hxg5 hxg5 45. Kg2 Bf8 46. Be5 Bd5 47. Nd4 Rc8 1/2-1/2

[Event "FB23 2324 TSV Schott Mainz - SK 1980 Ger"]
[Site "?"]
[Date "2024.03.24"]
[Round "7.5"]
[White "Hiller, Vanessa"]
[Black "Schmaelzle, Claudia"]
[Result "1-0"]
[WhiteElo "1781"]
[BlackElo "1996"]
[PlyCount "83"]
[EventDate "2024.??.??"]
[SourceVersion "1"]
[SourceVersionDate "2023.02.20"]
[SourceQuality "1"]

1. d4 g6 2. c4 Bg7 3. Nc3 d6 4. Nf3 Nf6 5. e4 O-O 6. Bg5 Bg4 7. h3 Bxf3 8. Qxf3 Nc6 9. Qe3 Nd7 10. d5 Nd4 11. O-O-O c5 12. Bh6 a6 13. Bxg7 Kxg7 14. f4 b5 15. cxb5 axb5 16. Rxd4 cxd4 17. Qxd4+ f6 18. Bxb5 Nb8 19. a4 Qa5 20. b4 Qa7 21. Qxa7 Rxa7 22. Kb2 Kf7 23. Rc1 Rc8 24. Ne2 Rxc1 25. Nxc1 e6 26. dxe6+ Kxe6 27. Bc4+ Kd7 28. a5 Nc6 29. Kc3 Ne7 30. a6 d5 31. exd5 Kd6 32. Kd4 Nf5+ 33. Kd3 Ne7 34. Ke4 Rc7 35. Kd4 Nf5+ 36. Kd3 Ne7 37. Nb3 Nxd5 38. Bxd5 Kxd5 39. b5 Re7 40. b6 Kc6 41. b7 Kc7 42. Na5 1-0

[Event "FB23 2324 TSV Schott Mainz - SK 1980 Ger"]
[Site "?"]
[Date "2024.03.24"]
[Round "7.6"]
[White "Reitz, Theresa"]
[Black "Schardt, Madeleine"]
[Result "1/2-1/2"]
[WhiteElo "1911"]
[BlackElo "1796"]
[PlyCount "76"]
[EventDate "2024.??.??"]
[SourceVersion "1"]
[SourceVersionDate "2023.02.20"]
[SourceQuality "1"]

1. Nf3 d5 2. g3 c6 3. Bg2 Nf6 4. O-O Bf5 5. d4 e6 6. c4 Be7 7. Nc3 Nbd7 8. b3 h6 9. Bb2 O-O 10. Nd2 c5 11. dxc5 Nxc5 12. cxd5 exd5 13. Rc1 Rc8 14. Nb5 Qb6 15. Nd4 Bg4 16. N2f3 Ne6 17. Rxc8 Rxc8 18. Ne5 Qa6 19. Nxg4 Nxg4 20. Bh3 h5 21. Bxg4 hxg4 22. Nf5 Bf8 23. a4 Qc6 24. Ne3 d4 25. Nxg4 Qc2 26. Bxd4 Nxd4 27. Qxd4 Qxe2 28. Ne3 b6 29. Qd1 Qb2 30. Nc4 Qf6 31. Re1 Bc5 32. Re2 Rd8 33. Qe1 Qf3 34. Ne5 Qxb3 35. Rd2 Rxd2 36. Qxd2 Qb1+ 37. Kg2 Qe4+ 38. Nf3 a5 1/2-1/2

[Event "FB23 2324 FC Bayern München - SC Bavari"]
[Site "?"]
[Date "2024.03.24"]
[Round "7.1"]
[White "Arnhold, Steffi"]
[Black "Butenandt, Svenja"]
[Result "1/2-1/2"]
[WhiteElo "2123"]
[BlackElo "2216"]
[PlyCount "47"]
[EventDate "2024.??.??"]
[SourceVersion "1"]
[SourceVersionDate "2023.02.20"]
[SourceQuality "1"]

1. e4 c6 2. d4 d5 3. Nd2 dxe4 4. Nxe4 Nf6 5. Nxf6+ exf6 6. c3 Bd6 7. Bd3 Na6 8. Qf3 Nc7 9. Ne2 h5 10. h3 Qe7 11. Bd2 Be6 12. c4 Bb4 13. Bc3 Bxc3+ 14. bxc3 g6 15. Rb1 Bc8 16. O-O Kf8 17. Rfe1 Kg7 18. Ng3 Qd8 19. Bc2 Ne6 20. h4 Nc7 21. Qf4 Ne6 22. Qf3 Nc7 23. Qf4 Ne6 24. Qf3 1/2-1/2

[Event "FB23 2324 FC Bayern München - SC Bavari"]
[Site "?"]
[Date "2024.03.24"]
[Round "7.2"]
[White "Mayrhuber, Nikola"]
[Black "Oberhofer, Marie"]
[Result "0-1"]
[WhiteElo "1987"]
[BlackElo "1854"]
[PlyCount "74"]
[EventDate "2024.??.??"]
[SourceVersion "1"]
[SourceVersionDate "2023.02.20"]
[SourceQuality "1"]

1. d4 Nf6 2. c4 c5 3. d5 e6 4. g3 exd5 5. cxd5 d6 6. Bg2 g6 7. Nf3 Bg7 8. a4 O-O 9. Nfd2 Nbd7 10. Na3 a6 11. Ndc4 Nb6 12. Bf4 Bd7 13. O-O Nxa4 14. Bxd6 Re8 15. Qc2 b5 16. Ne3 Qb6 17. Bf4 Nh5 18. b3 Nxf4 19. gxf4 Nc3 20. Rae1 Qd6 21. Nd1 Nxd1 22. Rxd1 Qxf4 23. e3 Qh4 24. Qxc5 Bh3 25. Bxh3 Qxh3 26. f3 Re5 27. Rf2 Bf8 28. Qc6 Rc8 29. Qxa6 Rxe3 30. d6 Rce8 31. Rdf1 Re2 32. Nc2 Rxf2 33. Rxf2 Qe6 34. Nd4 Qxd6 35. Qxd6 Bxd6 36. Rd2 Bc5 37. Kg2 Rd8 0-1

[Event "FB23 2324 FC Bayern München - SC Bavari"]
[Site "?"]
[Date "2024.03.24"]
[Round "7.4"]
[White "Giss, Helene"]
[Black "Prinzen, Siri Marleen"]
[Result "1-0"]
[WhiteElo "2046"]
[BlackElo "1830"]
[PlyCount "59"]
[EventDate "2024.??.??"]
[SourceVersion "1"]
[SourceVersionDate "2023.02.20"]
[SourceQuality "1"]

1. e4 c6 2. d4 d5 3. exd5 cxd5 4. Bd3 Nc6 5. c3 Qc7 6. h3 Nf6 7. Nf3 e6 8. Bg5 Bd6 9. Nbd2 Bd7 10. Qc2 h6 11. Be3 Rc8 12. a3 a6 13. c4 dxc4 14. Nxc4 Be7 15. Rc1 Nd5 16. O-O Na7 17. Qd2 Qd8 18. Nce5 Bb5 19. Rxc8 Nxc8 20. Bxb5+ axb5 21. Qd3 Nd6 22. Bd2 O-O 23. Re1 Nf6 24. Bb4 Qb6 25. Qb3 Nf5 26. Bc3 Rd8 27. Nxf7 Rd5 28. N7e5 Nd6 29. Ng6 Nc8 30. Nf4 1-0

[Event "FB23 2324 FC Bayern München - SC Bavari"]
[Site "?"]
[Date "2024.03.24"]
[Round "7.5"]
[White "Bauer, Laura Sophie"]
[Black "Dirmeier, Carolin"]
[Result "1/2-1/2"]
[WhiteElo "1902"]
[BlackElo "1987"]
[PlyCount "71"]
[EventDate "2024.??.??"]
[SourceVersion "1"]
[SourceVersionDate "2023.02.20"]
[SourceQuality "1"]

1. e4 c5 2. Nf3 Nc6 3. d4 cxd4 4. Nxd4 Nf6 5. Nc3 e5 6. Ndb5 d6 7. Bg5 a6 8. Na3 b5 9. Nd5 Be7 10. Bxf6 Bxf6 11. c3 O-O 12. Nc2 Bg5 13. a4 bxa4 14. Rxa4 a5 15. Bc4 Rb8 16. b3 Kh8 17. Nce3 g6 18. h4 Bh6 19. h5 Kg7 20. Qf3 f5 21. hxg6 hxg6 22. Qh3 Rh8 23. exf5 gxf5 24. Nxf5+ Bxf5 25. Qxf5 Bd2+ 26. Kxd2 Rxh1 27. Bd3 Rh6 28. Rg4+ Kh8 29. Rg6 Rh1 30. Rg5 e4 31. Bxe4 Ne5 32. Rh5+ Rxh5 33. Qxh5+ Kg7 34. Qh7+ Kf8 35. Qh8+ Kf7 36. Qh5+ 1/2-1/2

[Event "FB23 2324 FC Bayern München - SC Bavari"]
[Site "?"]
[Date "2024.03.24"]
[Round "7.6"]
[White "Spiel, Marianne"]
[Black "Reich, Elisabeth"]
[Result "1-0"]
[WhiteElo "1881"]
[BlackElo "1803"]
[PlyCount "175"]
[EventDate "2024.??.??"]
[SourceVersion "1"]
[SourceVersionDate "2023.02.20"]
[SourceQuality "1"]

1. e4 c5 2. Nf3 Nc6 3. d4 cxd4 4. Nxd4 Nf6 5. Nc3 e6 6. Be3 Bb4 7. f3 d5 8. Nxc6 bxc6 9. Bd2 O-O 10. Bd3 e5 11. O-O h6 12. Kh1 Qe7 13. exd5 cxd5 14. a3 Bc5 15. Qe2 Bb7 16. Rfe1 Bd6 17. Nb5 Rfe8 18. Nxd6 Qxd6 19. Bb4 Qd7 20. Rad1 a5 21. Bc5 Qc7 22. Bf2 e4 23. fxe4 Nxe4 24. Kg1 Bc6 25. Bd4 Re6 26. Qf3 Rae8 27. Re2 Ng5 28. Qf2 Rxe2 29. Bxe2 Qe7 30. Bd3 Bd7 31. Rf1 Ne6 32. Bc3 Ra8 33. Qf5 Nf8 34. Qxd5 Rc8 35. Qxa5 Qe3+ 36. Kh1 Rc5 37. Qb4 Bc6 38. Qf4 Qe6 39. Qf2 Rg5 40. Rg1 Qh3 41. Be2 Ng6 42. Bf3 Qf5 43. Qd4 Ne7 44. Qd8+ Kh7 45. Bxc6 Nxc6 46. Qd3 Qxd3 47. cxd3 Rd5 48. Rd1 Ne7 49. Kg1 Nf5 50. Kf2 Kg6 51. Ke2 Nd6 52. Rf1 Rh5 53. h3 Rg5 54. g4 Rb5 55. Rf4 f5 56. Bb4 Re5+ 57. Kf2 Nb5 58. gxf5+ Rxf5 59. Rxf5 Kxf5 60. a4 Nd4 61. Bc3 Nb3 62. Bxg7 Nc5 63. a5 h5 64. Ke3 Na6 65. Bf8 Ke6 66. Kd4 Nc7 67. Kc5 Kd7 68. Bd6 Ne6+ 69. Kd5 Ng5 70. h4 Nf3 71. Bg3 Kc8 72. b4 Kb7 73. b5 Ka7 74. Bf2+ Ka8 75. a6 Kb8 76. b6 Ne5 77. Kxe5 Ka8 78. d4 Kb8 79. d5 Kc8 80. d6 Kd8 81. b7 Kd7 82. b8=Q Kc6 83. Qc7+ Kb5 84. a7 Kb4 85. a8=Q Kb5 86. d7 Kb4 87. d8=Q Kb5 88. Qdb8# 1-0

[Event "FB23 2324 SG Augsburg 1873 - SC NT Nürn"]
[Site "?"]
[Date "2024.03.24"]
[Round "7.1"]
[White "Hrebenshchykova, Yelyzaveta"]
[Black "Braun, Kristin"]
[Result "1-0"]
[WhiteElo "2288"]
[BlackElo "1991"]
[PlyCount "87"]
[EventDate "2024.??.??"]
[SourceVersion "1"]
[SourceVersionDate "2023.02.20"]
[SourceQuality "1"]

1. e4 c5 2. Nf3 d6 3. d4 cxd4 4. Nxd4 Nf6 5. Nc3 g6 6. Bc4 Bg7 7. O-O O-O 8. Re1 Nc6 9. Nb3 a6 10. a4 b6 11. Nd5 Ne5 12. Nxf6+ Bxf6 13. Bd5 Rb8 14. f4 Nd7 15. Nd4 Bb7 16. Be3 Nc5 17. Qf3 Qd7 18. Bf2 Rfc8 19. b3 Ne6 20. Bxe6 fxe6 21. c4 e5 22. Ne2 exf4 23. Rad1 g5 24. Bxb6 Bxe4 25. Qxe4 Rxb6 26. Nd4 Rc5 27. Ne6 Rc8 28. Rd5 Kh8 29. h4 Rxb3 30. hxg5 Qa7+ 31. c5 Be5 32. Rxe5 Qb7 33. Qxb7 Rxb7 34. cxd6 exd6 35. R5e2 Rb4 36. Rd2 Rxa4 37. Rxd6 Re8 38. Rf1 Re4 39. Nxf4 a5 40. Nh5 Rh4 41. Rh6 Rg8 42. Rf7 Rxg5 43. Rhxh7+ Kg8 44. Nf6# 1-0

[Event "FB23 2324 SG Augsburg 1873 - SC NT Nürn"]
[Site "?"]
[Date "2024.03.24"]
[Round "7.2"]
[White "Horvath, Maria"]
[Black "Albayrak, Nese Pinar"]
[Result "1-0"]
[WhiteElo "1983"]
[BlackElo "1949"]
[PlyCount "107"]
[EventDate "2024.??.??"]
[SourceVersion "1"]
[SourceVersionDate "2023.02.20"]
[SourceQuality "1"]

1. d4 Nf6 2. Nf3 g6 3. c4 Bg7 4. e3 O-O 5. Be2 d6 6. O-O Nbd7 7. b4 Re8 8. c5 Nd5 9. Qb3 c6 10. Bb2 b6 11. cxd6 exd6 12. Bc4 N7f6 13. b5 Be6 14. Ng5 cxb5 15. Bxb5 Nc7 16. Nxe6 Rxe6 17. Bc6 Rc8 18. d5 Re7 19. Nd2 Na6 20. Bd4 Nc5 21. Qb2 Nd3 22. Qb5 Ne5 23. Bxe5 Rxe5 24. Nc4 Rh5 25. Rad1 Ng4 26. h3 Ne5 27. Nxe5 Bxe5 28. f4 Bg7 29. Rf3 Rh4 30. Rdf1 Rc7 31. Qd3 g5 32. Qf5 gxf4 33. exf4 Qf6 34. Qxf6 Bxf6 35. Re1 Bd4+ 36. Kh2 Rh6 37. Re8+ Kg7 38. Rd3 Bc5 39. g4 Rf6 40. Kg3 h6 41. Rd2 b5 42. Rde2 h5 43. Rb8 Rh6 44. g5 h4+ 45. Kg4 f5+ 46. Kxf5 Rf7+ 47. Kg4 Rh8 48. Rxh8 Kxh8 49. Re6 b4 50. f5 Rf8 51. f6 Kg8 52. Kxh4 Rb8 53. g6 Kf8 54. f7 1-0

[Event "FB23 2324 SG Augsburg 1873 - SC NT Nürn"]
[Site "?"]
[Date "2024.03.24"]
[Round "7.3"]
[White "Albayrak, Berrak"]
[Black "Kosc, Renata"]
[Result "0-1"]
[WhiteElo "1812"]
[BlackElo "1990"]
[PlyCount "98"]
[EventDate "2024.??.??"]
[SourceVersion "1"]
[SourceVersionDate "2023.02.20"]
[SourceQuality "1"]

1. e4 c5 2. Nf3 e6 3. d3 Nc6 4. g3 d5 5. Qe2 dxe4 6. dxe4 Nf6 7. e5 Nd5 8. c4 Nde7 9. Na3 Nf5 10. Nc2 Be7 11. h4 Qc7 12. Bf4 Bd7 13. Bg2 Rc8 14. O-O Nfd4 15. Qe4 Nxc2 16. Qxc2 Nd4 17. Qd3 Nxf3+ 18. Qxf3 Bc6 19. Qg4 g6 20. Rfd1 h5 21. Qe2 Bxg2 22. Kxg2 Qc6+ 23. f3 Rd8 24. Rxd8+ Kxd8 25. Rd1+ Kc8 26. Bg5 Bxg5 27. hxg5 Rd8 28. Rxd8+ Kxd8 29. Qd2+ Kc8 30. Qa5 a6 31. Qd2 b5 32. cxb5 axb5 33. Qa5 c4 34. Qa7 Qd7 35. Qa8+ Kc7 36. Qa5+ Kc6 37. Kf2 Qd4+ 38. Kg2 Qxb2+ 39. Kh3 Qxe5 40. Qa8+ Kc5 41. Qf8+ Kd5 42. Qd8+ Kc5 43. Qe7+ Kd4 44. Qd8+ Kc3 45. Qa5+ Kd4 46. Qd2+ Kc5 47. a3 c3 48. Qc1 Qf5+ 49. Kg2 Qd3 0-1

[Event "FB23 2324 SG Augsburg 1873 - SC NT Nürn"]
[Site "?"]
[Date "2024.03.24"]
[Round "7.4"]
[White "Todorova, Kalina"]
[Black "Braeuer, Vanessa"]
[Result "0-1"]
[WhiteElo "1872"]
[BlackElo "1920"]
[PlyCount "78"]
[EventDate "2024.??.??"]
[SourceVersion "1"]
[SourceVersionDate "2023.02.20"]
[SourceQuality "1"]

1. d4 d5 2. c4 e5 3. dxe5 d4 4. Nf3 Nc6 5. a3 Bg4 6. Nbd2 Qe7 7. Qb3 O-O-O 8. Ne4 Nxe5 9. Bf4 Ng6 10. h3 Nxf4 11. hxg4 Qxe4 12. g3 Nxe2 13. Bxe2 d3 14. Qd1 Nf6 15. g5 Ng4 16. Rh4 h5 17. gxh6 Rxh6 18. Ng5 Qe7 19. Nxf7 Rxh4 20. gxh4 Rd7 21. Ng5 g6 22. Qd2 Bh6 23. f4 Bxg5 24. hxg5 Qe4 25. O-O-O Qxe2 26. Re1 Qxd2+ 27. Kxd2 Kd8 28. Re6 Rd6 29. Rxd6+ cxd6 30. Kxd3 Nf2+ 31. Kd4 Ke7 32. b4 b6 33. Kd5 Kd7 34. f5 gxf5 35. g6 Ng4 36. a4 Nf6+ 37. Kd4 Ke6 38. b5 f4 39. g7 Kf7 0-1

[Event "FB23 2324 SG Augsburg 1873 - SC NT Nürn"]
[Site "?"]
[Date "2024.03.24"]
[Round "7.5"]
[White "Loebel, Petra"]
[Black "Nentwig, Nicole"]
[Result "0-1"]
[WhiteElo "1913"]
[BlackElo "1924"]
[PlyCount "54"]
[EventDate "2024.??.??"]
[SourceVersion "1"]
[SourceVersionDate "2023.02.20"]
[SourceQuality "1"]

1. e4 c5 2. Nc3 e6 3. g3 a6 4. Bg2 Nc6 5. d3 b5 6. Be3 Bb7 7. Qd2 Nf6 8. h3 d6 9. Nge2 Qc7 10. O-O e5 11. g4 h6 12. Ng3 Nd4 13. Nd5 Qd8 14. c3 Ne6 15. Nf5 g5 16. d4 Nf4 17. Bxf4 gxf4 18. Rad1 h5 19. Nxf6+ Qxf6 20. dxe5 Qxe5 21. Nxd6+ Bxd6 22. Qxd6 Qxd6 23. Rxd6 hxg4 24. hxg4 Ke7 25. e5 f3 26. Bh1 Rh4 27. Rfd1 Rah8 0-1

[Event "FB23 2324 SG Augsburg 1873 - SC NT Nürn"]
[Site "?"]
[Date "2024.03.24"]
[Round "7.6"]
[White "Weber, Leonora"]
[Black "Albayrak, Aylin"]
[Result "1-0"]
[WhiteElo "1780"]
[BlackElo "1779"]
[PlyCount "59"]
[EventDate "2024.??.??"]
[SourceVersion "1"]
[SourceVersionDate "2023.02.20"]
[SourceQuality "1"]

1. e4 c5 2. Nf3 Nc6 3. d4 cxd4 4. Nxd4 e6 5. Be2 Nf6 6. Nc3 Bb4 7. Nxc6 bxc6 8. Bg5 h6 9. Bh4 g5 10. Bg3 Nxe4 11. Qd4 Bxc3+ 12. bxc3 Nf6 13. Be5 c5 14. Qxc5 Rg8 15. Bf3 d5 16. Bxf6 Qxf6 17. Qc6+ Ke7 18. Qc5+ Kd8 19. O-O Bd7 20. Rab1 Rc8 21. Qa5+ Ke8 22. Qxa7 Qxc3 23. Rb7 Qc6 24. Be2 Rd8 25. Bb5 Qd6 26. Bxd7+ Rxd7 27. Rfb1 Rxb7 28. Rxb7 Kf8 29. Rxf7+ Ke8 30. Rb7 1-0